Learning from Seattle : What makes cities livable? /

Bibliographic Details
Main Author: Brambilla, Roberto, 1939-
Other Authors: Longo, Gianni, 1947-
Format: Book
Language:English
Published: New York, N.Y. : Institute for Environmental Action, 1980.
Edition:2nd ed.
Series:Learning from the U.S.A. series ; 1.
Subjects:

MARC

Tag First Indicator Second Indicator Subfields
LEADER 00000cam a2200000 a 4500
001 in00000084891
005 20151008054416.0
008 800701s1980 nyuab b 00010 eng d
010 |a  80081975  
020 |a 0936020059 
035 |a (OCoLC)06473515 
035 |9 AAJ0575AM 
040 |a GZW  |c GZW  |d m.c.  |d TXA  |d UtOrBLW 
043 |a n-us-wa 
049 |a TXAM  |c [1654651] 
090 |a HN80.S54  |b B7 1980 
100 1 |a Brambilla, Roberto,  |d 1939- 
245 1 0 |a Learning from Seattle : What makes cities livable? /  |c by Roberto Brambilla and Gianni Longo. 
250 |a 2nd ed. 
264 1 |a New York, N.Y. :  |b Institute for Environmental Action,  |c 1980. 
300 |a xx, 130 pages :  |b illustrations, map (folded) ;  |c 22 cm. 
336 |a text  |b txt  |2 rdacontent 
337 |a unmediated  |b n  |2 rdamedia 
338 |a volume  |b nc  |2 rdacarrier 
490 1 |a Learning from the U.S.A. series ;  |v 1 
504 |a Bibliography: pages 126-127. 
651 0 |a Seattle (Wash.)  |x Social conditions. 
650 0 |a Quality of life  |z Washington (State)  |z Seattle. 
700 1 |a Longo, Gianni,  |d 1947- 
830 0 |a Learning from the U.S.A. series ;  |v 1. 
999 |a MARS 
999 f f |s a946c89d-4401-3a85-ba08-bfdfd5705c07  |i c59d9e05-3ff5-3dd0-8593-30e614e277fb  |t 0 
952 f f |p ric  |a Texas A&M University  |b Rellis Campus  |c Joint Library Facility  |d Remote Storage  |t 0  |e HN80.S54 B7 1980  |h Library of Congress classification  |i unmediated -- volume  |m A14806140570 
998 f f |a HN80.S54 B7 1980  |t 0  |l Remote Storage